000
00323nam a22001337a 4500
003
OSt
008
250212b |||||||| |||| 00| 0 eng d
041
_a
eng
082
_a
621.9
_b
RAG/WO
100
_a
Raghuwanshi
_9
7130
245
_a
Course in Workshop Technology Vol.11
260
_a
Delhi:
_b
Dhanpat Rai & Sons
942
_c
BK
999
_c
19362
_d
19362